| 000 | 00000nas##2200000za#4500 |
| 001 | 9.510934 |
| 003 | CaOODSP |
| 005 | 20210305151629 |
| 007 | ta |
| 008 | 150406c2003||||xxc|| p #||||f| |0eng|d |
| 022 | |a1485-2888 |
| 040 | |aCaOODSP|beng |
| 041 | |aeng |
| 041 | |afre |
| 043 | |an-cn--- |
| 086 | 1 |aYC3-372/3 |
| 110 | 1 |aCanada. |bParliament. |bStanding Joint Committee on the Library of Parliament. |
| 245 | 10|aStanding Joint Committee on Library of Parliament, proceedings / |cJoint Chairs: The Honourable Senator Yves Morin, Carolyn Bennett. |
| 260 | |bSenate and House of Commons. |
| 310 | |aIrregular |
| 362 | 1 |a2nd Session, 37th Parliament, 2002-2003 |
| 563 | |aProcessed |
| 780 | 00|tStanding Joint Committee on Library of Parliament, proceedings / |w(CaOODSP)9.510818 |
| 792 | |tComité mixte permanent des Bibliothèque du Parlement, délibérations / |efre|w(CaOODSP)9.510935 |